书目信息 |
| 题名: |
宽带高动态范围DAC
|
|
| 作者: | konstantinos Doric | |
| 分册: | ||
| 出版信息: | 北京 科学出版社 2007 |
|
| 页数: | 204页 | |
| 开本: | 20cm | |
| 丛书名: | ||
| 单 册: | ||
| 中图分类: | TN914.4 | |
| 科图分类: | ||
| 主题词: | 通信系统 | |
| 电子资源: | ||
| ISBN: | 978-7-03-018244-9 | |
| 000 | 00540nam0 2200181 450 | |
| 001 | 0735592734 | |
| 005 | 20070906095312.73 | |
| 010 | @a978-7-03-018244-9@d¥32.00 | |
| 100 | @a20070906d km y0chiy0120 ea | |
| 101 | 0 | @achi |
| 200 | 1 | @a宽带高动态范围DAC@Akuan dai gao dong tai fan wei DAC@fkonstantinos Doric等@Fkonstantinos Doric deng |
| 210 | @a北京@c科学出版社@d2007 | |
| 215 | @a204页@d20cm | |
| 606 | 0 | @a通信系统 |
| 690 | @aTN914.4@v3 | |
| 701 | 0 | @akonstantinos Doric |
| 801 | 0 | @aCN@bPFT@c20070906 |
| 905 | @a213230@dTN914.4@ep9:1@f1 | |
| 宽带高动态范围DAC/konstantinos Doric等.-北京:科学出版社,2007 |
| 204页;20cm |
| ISBN 978-7-03-018244-9:¥32.00 |
| ● |
| 相关链接 |
|
|
|
|
正题名:宽带高动态范围DAC
索取号:TN914.4/p9:1
 
预约/预借
| 序号 | 登录号 | 条形码 | 馆藏地/架位号 | 状态 | 备注 |
| 1 | 7202131 | 272021304 | 密集书库-物理学院/ [索取号:TN914.4/p9:1] | 在馆 | |
| 2 | 7202132 | 272021313 | 密集书库-物理学院/ [索取号:TN914.4/p9:1] | 在馆 | |
| 3 | 7202133 | 272021322 | 密集书库-物理学院/ [索取号:TN914.4/p9:1] | 在馆 | |
| 4 | 7202134 | 272021331 | 密集书库-物理学院/ [索取号:TN914.4/p9:1] | 在馆 | |
| 5 | 7202135 | 272021340 | 密集书库-物理学院/ [索取号:TN914.4/p9:1] | 在馆 |